• 首页
  • 本馆介绍
  • 公告通知
  • 最新文献
  • 馆藏检索
  • 电子资源
  • 读者导购
  • 参考咨询
  • 我的图书馆
  • 登录
  • 详细信息显示
  • 放入我的书架
  • 预约/预借图书
  • 作者相关作品
  • 分类相关作品
  • 丛书相关作品
  • 出版社相关作品

书目信息

  • 表格格式
  • 工作单格式
  • 卡片格式
题名:
血色青铜
    
 
作者: 马兆锋 编著
分册:  
出版信息: 北京   北京工业大学出版社  2014
页数: 385页
开本: 24cm
丛书名:
单 册:
中图分类: K221.09
科图分类:
主题词: 三代时期--历史--通俗读物
电子资源:
ISBN: 978-7-5639-3733-2
000 00854nam0 2200253 450
001 338863
005 20150603103355.09
010    @a978-7-5639-3733-2@b精装@dCNY42.00
100    @a20140310d2014 em y0chiy50 ea
101 0  @achi
102    @aCN@b110000
105    @aa z 000yy
106    @ar
200 1  @a血色青铜@Axue se qing tong@e夏商周历史密码@f马兆锋编著
210    @a北京@c北京工业大学出版社@d2014
215    @a385页@c图@d24cm
300    @a华夏文明史话
330    @a本书对夏商周历史做了粗略勾勒, 全景展示了夏商周时期的政治、军事、经济及社会生活等各个方面, 揭示了这一时期历史的基本面貌和社会发展脉络。
517 1  @a夏商周历史密码@Axia shang zhou li shi mi ma
606 0  @a三代时期@x历史@j通俗读物
690    @aK221.09@v5
701  0 @a马兆锋@Ama zhao feng@f(1977)@4编著
801  0 @aCN@b卓展宏图@c20150525
905    @dK221.09@e24@f4
    
    血色青铜:夏商周历史密码/马兆锋编著.-北京:北京工业大学出版社,2014
    385页:图;24cm
    华夏文明史话
    
    ISBN 978-7-5639-3733-2(精装):CNY42.00
    本书对夏商周历史做了粗略勾勒, 全景展示了夏商周时期的政治、军事、经济及社会生活等各个方面, 揭示了这一时期历史的基本面貌和社会发展脉络。
●
相关链接 在E读中查询图书 在五车中查询图书 在当当中查询图书 在豆瓣中查询图书


正题名:血色青铜     索取号:K221.09/24         预约/预借

序号 登录号 条形码 馆藏地/架位号 状态 备注
1 860913   208609139   第二样本阅览室/ [索取号:K221.09/24] 在馆    
2 860914   208609148   密集书库-史法系/ [索取号:K221.09/24] 在馆    
3 860915   208609157   第二借阅区/ [索取号:K221.09/24] 在馆    
4 860916   208609166   第二借阅区/ [索取号:K221.09/24] 在馆    
唐山师范学院图书馆 欢迎您!
大连网信软件有限公司© 版权所有